| 000 | 00572nam a2200169 a 4500 | ||
|---|---|---|---|
| 001 | 000040058 | ||
| 005 | 20240905110224.0 | ||
| 008 | 130805s1997 ag 000 0 spa d | ||
| 020 | _a9500817314 | ||
| 040 |
_aDO-SdBNP _bspa _cBNPHU |
||
| 100 | 1 |
_aTamaro, Susanna _d1957- _966313 |
|
| 245 | 1 | 0 |
_aAnima mundi / _cSusanna Tamaro ; traducción María Eleonor Gorga. |
| 260 |
_aBuenos Aires : _bAtlanta, _c1997. |
||
| 300 |
_a283 p. ; _c24 cm. |
||
| 500 | _aIncluye datos biográficos del autor en la solapa de la contracubierta | ||
| 700 | 1 |
_aEleonor Gorga, María, _etrad. _966314 |
|
| 999 |
_c39548 _d39548 |
||